000 00421nam a2200169 i 4500
001 bg
100 1 _aEDGE, Julian
245 0 _aMistakes and correction /
_cJ. Edge.
260 _aLondon,
_c1990.
490 1 _aLongman Keys to Language Teaching
830 _aLongman Keys to Language Teaching
040 _cBPK
041 _apol
080 _a802.0(075.8)
942 _cKS
008 s pl f |000 0 pol
999 _c5491
_d5491
856 _uhttp://koha.tu.koszalin.pl/cgi-bin/koha/opac-detail.pl?biblionumber=5491
_yKatalog online BPK